书目信息 |
| 题名: |
韧性城市视角下应急避难场所空间布局与管理
|
|
| 作者: | 唐波 著 | |
| 分册: | ||
| 出版信息: | 长春 吉林大学出版社 2021 |
|
| 页数: | 311页 | |
| 开本: | 24cm | |
| 丛书名: | ||
| 单 册: | ||
| 中图分类: | TU984.199 , TU984 | |
| 科图分类: | ||
| 主题词: | 城市--紧急避难--公共场所--空间规划--广州 , 城市--紧急避难--公共场所--运营管理--广州 | |
| 电子资源: | ||
| ISBN: | 978-7-5692-9467-5 | |
| 000 | 01152nam0 2200253 450 | |
| 001 | 2352791926 | |
| 005 | 20240106083822.90 | |
| 010 | @a978-7-5692-9467-5@dCNY100.00,原108.00 | |
| 100 | @a20220905d2021 em y0chiy50 ea | |
| 101 | 0 | @achi |
| 102 | @aCN@b220000 | |
| 105 | @aa z 000yy | |
| 200 | 1 | @a韧性城市视角下应急避难场所空间布局与管理@Aren xing cheng shi shi jiao xia ying ji bi nan chang suo kong jian bu ju yu guan li@e以广州市为例@f唐波著 |
| 210 | @a长春@c吉林大学出版社@d2021 | |
| 215 | @a311页@c图@d24cm | |
| 300 | @a广州新华学院出版基金、广州市哲学社会科学发展“十四五”规划2021年度课题、广东省特色重点学科“公共管理”项目特色课题资助 | |
| 330 | @a本书共九章,内容包括:城市灾害研究进展回顾、应急避难场所研究进展、广州主要城市自然灾害和脆弱性空间格局、广州市应急避难场所资源空间分布特点、基于社区尺度的应急避难场所空间可达性分析、应急避难场所空间适宜性评价和疏散路径分析等。 | |
| 606 | 0 | @a城市@x紧急避难@x公共场所@x空间规划@y广州 |
| 606 | 0 | @a城市@x紧急避难@x公共场所@x运营管理@y广州 |
| 690 | @aTU984.199@v5 | |
| 690 | @aTU984@v4 | |
| 701 | 0 | @a唐波@Atang bo@4著 |
| 801 | 0 | @aCN@b91MARC@c20220920 |
| 905 | @aZUCC@dTU984@e52 | |
| 韧性城市视角下应急避难场所空间布局与管理:以广州市为例/唐波著.-长春:吉林大学出版社,2021 |
| 311页:图;24cm |
| 广州新华学院出版基金、广州市哲学社会科学发展“十四五”规划2021年度课题、广东省特色重点学科“公共管理”项目特色课题资助 |
| ISBN 978-7-5692-9467-5:CNY100.00,原108.00 |
| 本书共九章,内容包括:城市灾害研究进展回顾、应急避难场所研究进展、广州主要城市自然灾害和脆弱性空间格局、广州市应急避难场所资源空间分布特点、基于社区尺度的应急避难场所空间可达性分析、应急避难场所空间适宜性评价和疏散路径分析等。 |
| ● |
| 相关链接 |
|
|
|
正题名:韧性城市视角下应急避难场所空间布局与管理
索取号:TU984/52
 
预约/预借
| 序号 | 登录号 | 条形码 | 馆藏地/架位号 | 状态 | 备注 |
| 1 | 2001261115 | 2001261115 | 辽宁北方(第一批)/辽宁北方(第一批)/185/ [索取号:TU984/52] | 在馆 | |
| 2 | 2001261116 | 2001261116 | 辽宁北方(第一批)/辽宁北方(第一批)/185/ [索取号:TU984/52] | 在馆 | |
| 3 | 2001261117 | 2001261117 | 辽宁北方(第一批)/辽宁北方(第一批)/185/ [索取号:TU984/52] | 在馆 | |
| 4 | 2001261118 | 2001261118 | 辽宁北方(第一批)/辽宁北方(第一批)/185/ [索取号:TU984/52] | 在馆 | |
| 5 | 2001261119 | 2001261119 | 辽宁北方(第一批)/辽宁北方(第一批)/185/ [索取号:TU984/52] | 在馆 | |
| 6 | 2001261120 | 2001261120 | 辽宁北方(第一批)/辽宁北方(第一批)/185/ [索取号:TU984/52] | 在馆 |